书目信息 |
| 题名: |
工程图学基础习题集
|
|
| 作者: | 刘伟 , 张建军 主编 | |
| 分册: | ||
| 出版信息: | 北京 机械工业出版社 2018.08 |
|
| 页数: | 77页 | |
| 开本: | 26x37cm | |
| 丛书名: | ||
| 单 册: | ||
| 中图分类: | TB23-44 | |
| 科图分类: | ||
| 主题词: | 工程制图--gong cheng zhi tu--高等教育--习题集 | |
| 电子资源: | ||
| ISBN: | 978-7-111-60490-7 | |
| 000 | 01285nam0 2200313 450 | |
| 001 | CAL 0120182587642 | |
| 005 | 20181025095751.7 | |
| 010 | @a978-7-111-60490-7@dCNY26.00 | |
| 100 | @a20181024d2018 em y0chiy50 ea | |
| 101 | 0 | @achi |
| 102 | @aCN@b110000 | |
| 105 | @aa a 000yy | |
| 106 | @ad | |
| 200 | 1 | @a工程图学基础习题集@Agong cheng tu xue ji chu xi ti ji@f主编刘伟, 张建军@Fzhu bian liu wei , zhang jian jun |
| 205 | @a第3版 | |
| 210 | @a北京@c机械工业出版社@d2018.08 | |
| 215 | @a77页@c图@d26x37cm | |
| 312 | @a英文题名取自封面 | |
| 320 | @a有书目 (第77页) | |
| 330 | @a本习题集与刘宇红、张建军主编的《工程图学基础》第3版配套使用。主要内容包括绪论、点、直线、平面、直线与平面和平面与平面的相对位置、换面法、平面立体的投影、曲面立体的投影、制图的基本知识、组合体、轴测图、图样画法、标准件及常用件、零件图、装配图、其他常用工程图。 | |
| 333 | @a普通高等教育“十一五”国家级规划教材 “十二五”普通高等教育本科国家级规划教材 | |
| 510 | 1 | @aExercise book for basic course of engineering graphics@zeng |
| 586 | @a | |
| 606 | 0 | @a工程制图@Agong cheng zhi tu@x高等教育@j习题集 |
| 690 | @aTB23-44@v5 | |
| 701 | 0 | @a刘伟@Aliu wei@4主编 |
| 701 | 0 | @a张建军@Azhang jian jun@4主编 |
| 801 | 0 | @aCN@c20181024 |
| 905 | @a河南城建学院图书馆@dTB23-44@eL683=3@f2 | |
| 工程图学基础习题集/主编刘伟, 张建军.-第3版.-北京:机械工业出版社,2018.08 |
| 77页:图;26x37cm |
| 使用对象:普通高等教育“十一五”国家级规划教材 “十二五”普通高等教育本科国家级规划教材 |
| ISBN 978-7-111-60490-7:CNY26.00 |
| 本习题集与刘宇红、张建军主编的《工程图学基础》第3版配套使用。主要内容包括绪论、点、直线、平面、直线与平面和平面与平面的相对位置、换面法、平面立体的投影、曲面立体的投影、制图的基本知识、组合体、轴测图、图样画法、标准件及常用件、零件图、装配图、其他常用工程图。 |
| ● |
| 相关链接 |
|
|
|
正题名:工程图学基础习题集
索取号:TB23-44/L683=3
 
预约/预借
| 序号 | 登录号 | 条形码 | 馆藏地/架位号 | 状态 | 备注 |
| 1 | 1410507 | 214105074 | 自科二线404/404自科库 1排1列3层/ [索取号:TB23-44/L683=3] | 在馆 | |
| 2 | 1410508 | 214105083 | 自科库501/501自科库 7排1列4层/ [索取号:TB23-44/L683=3] | 在馆 |